000 00908nam a2200289Ia 4500
003 OSt
005 20221005091320.0
006 a|||||r|||| 00| 0
007 ta
008 221004b |||||||| |||| 00| 0 eng d
020 _a0333922395
_c1420.36
024 _a83359
037 _b3650, 30/03/2005, Efficient Book Distributors
_cTextual
040 _aCRL
_cCRL
_beng
041 _2eng
_aeng
082 _aO122,6N37:g(Y15), 111P4
100 _aBray Abigail
_9616023
245 0 _aHelene Cixous
_b Writing and sexual difference
260 _aNew York
_bPalgrave Macmillan U. S. A.
_c2004
300 _a237p.
_ccm.
490 _aTransitions
650 _a CIXOUS
_9616024
650 _a FRENCH LITERATURE
_913614
650 _aFEMINISM
942 _hO122,6N37:g(Y15), 111P4
_cTEXL
_2cc
999 _c997088
_d997088